Irrigation of agricultural lands.
Guardat en:
| Autor principal: | |
|---|---|
| Altres autors: | , |
| Format: | Llibre |
| Idioma: | anglès |
| Publicat: |
Madison, Wisconsin, USA
American Society of Agronomy
1967
|
| Col·lecció: | Agronomy.
11 |
| Matèries: | |
| Etiquetes: |
Afegir etiqueta
Sense etiquetes, Sigues el primer a etiquetar aquest registre!
|
MARC
| LEADER | 00000nam a2200000 a 4500 | ||
|---|---|---|---|
| 001 | UCR3939 | ||
| 003 | CL-VaPUC | ||
| 005 | 20241112143403.0 | ||
| 008 | 980307e19670000US |||||||||||||||||eng|d | ||
| 999 | |c 266955 |d 266953 | ||
| 040 | |c Pontificia Universidad Católica de Valparaíso | ||
| 082 | 0 | 4 | |a 631.587 HAG 1967 |2 21 |
| 100 | 0 | |a Hagan, Robert M |9 403424 | |
| 245 | 1 | 0 | |a Irrigation of agricultural lands. |
| 260 | 0 | 3 | |a Madison, Wisconsin, USA |b American Society of Agronomy |c 1967 |
| 300 | |a 1180 páginas. | ||
| 490 | 0 | |a Agronomy. |v 11 | |
| 583 | |a last modification |c 20141125 03:23:54 |k Rodrigo Vera | ||
| 650 | 0 | |a Irrigación |9 392213 | |
| 650 | 7 | |a RIEGO AGRICOLA |2 CL-VaPUC |9 395971 | |
| 650 | 0 | |a Clima |9 265281 | |
| 650 | 0 | |a Agua del suelo |9 348474 | |
| 650 | 7 | |a TEMPERATURA |2 CL-VaPUC |9 403427 | |
| 650 | 0 | |a Absorción |9 360464 | |
| 650 | 7 | |a EVAPORACION |2 CL-VaPUC |9 264095 | |
| 650 | 0 | |a Sistemas de riego |9 362150 | |
| 650 | 0 | |a Conservación del agua |9 261955 | |
| 700 | 0 | |a Haise, Howard R |9 403425 | |
| 700 | 0 | |a Edminster, Talcott W |9 403426 | |
| 942 | |c BK |2 ddc | ||
| 945 | |d 19980307 00:00:00 |a jquezada | ||